Statistics for Lana Del Rey - Let Me Love You Like A Woman Lyrics

Click here to take the quiz!

General Stats

  • This quiz has been taken 17 times
  • The average score is 315 of 324

Answer Stats

Answer% Correct
a
100%
about
100%
and
100%
And
100%
(And
100%
baby
100%
baby)
100%
Baby
100%
be
100%
'bout
100%
'cause
100%
come)
100%
come
100%
do
100%
from
100%
hold
100%
how
100%
I
100%
I'm
100%
in
100%
it
100%
LA
100%
leave
100%
Let
100%
(Let
100%
let
100%
like
100%
love
100%
make
100%
me
100%
meant
100%
mention
100%
on
100%
only
100%
ready
100%
small
100%
so
100%
the
100%
to
100%
town
100%
want
100%
who
100%
will
100%
woman
100%
you?
100%
you
100%
any
91%
as
91%
away
91%
bittersweet
91%
can't
91%
care
91%
could
91%
count
91%
days
91%
diamond
91%
Don't
91%
don't
91%
far
91%
get
91%
infinity
91%
It's
91%
just
91%
long
91%
myself
91%
north
91%
or
91%
poems
91%
purple
91%
see
91%
shine
91%
some
91%
songs
91%
south
91%
Take
91%
Talk
91%
ways
91%
We
91%
where
91%
with
91%
you're
91%
fun
82%
good
82%
guess
82%
having
82%
high
82%
if
82%
lost
82%
manage
82%
miles
82%
need
82%
ol'
82%
rain
82%
stay
82%
champagne
73%
Eighty
73%
pink
73%

Score Distribution

Percentile by Number Answered

Percent of People with Each Score

Your Score History

You have not taken this quiz